000 00314nam a22001457a 4500
008 221011b ||||| |||| 00| 0 eng d
020 _a0721660983
041 _aeng
080 _2FOURTH EDITION
_a61
082 _a61
100 _a5
101 _aMJEK
245 _aPEDIATRIC NURSING
_cMARLOW
942 _2udc
_cBK
999 _c58481
_d58481